FATIGUE BEHAVIOR OF HOT-ROLLED STEEL INTENDED FOR COLD FORMING

Bibliographic Details
Main Authors: Rosenberg, Gejza (Author), Gaško, Martin (Author), Sinaiová, Iveta (Author), Kočík, Marek (Author), Juhár, Ľuboš (Author)
Format: Article
Language:English

MARC

LEADER 00000nab a2200000 a 4500
001 vtls011122666
003 SK-MaSNL
005 20260303151153.0
008 230222|2011 xo |||||||||||||||||eng|
015 |a SNBRB 
035 |a (uuid)8b7cec37-ce43-4743-9041-5c49f809de90 
035 |a (urnnbn)urn:nbn:sk:snk:ar-a08x4t 
035 |a urn:nbn:sk:snk-ab9unr 
040 |a SNKBUCL  |b slo  |c SNKBUCL  |e AACR2 
041 0 |a eng 
044 |a xo  |c SK 
100 1 |a Rosenberg, Gejza  |4 aut  |9 781331 
245 1 0 |a FATIGUE BEHAVIOR OF HOT-ROLLED STEEL INTENDED FOR COLD FORMING  |c Gejza Rosenberg, Martin Gaško, Iveta Sinaiová, Marek Kočík, Ľuboš Juhár 
700 1 |a Gaško, Martin  |4 aut  |9 1170369 
700 1 |a Sinaiová, Iveta  |4 aut  |9 787461 
700 1 |a Kočík, Marek  |4 aut  |9 793355 
700 1 |a Juhár, Ľuboš  |4 aut  |9 781332 
773 0 |t Materiálové inžinierstvo  |g Roč. 18, č. 2 (2011), s. 63-67 
958 |a OND 
958 |a EUIPO 
958 |a article13 
999 |c 2016507  |d 2018437